000 00794cad a22002055a 4500
001 L157260
008 120907s20121004xxk f 000 0 eng d
035 _a(Sirsi) u157260
041 0 _aeng
050 0 4 _a333.33 $2 18
110 2 _aLloyds Banking Group
_95822
245 0 0 _aHalifax house price index
_bSeptember 2012
_h[electronic resource]
260 _aLondon
_bLloyds Banking Group
_c2012
520 _aUK house prices fell by 0.4% in September 2012, a 1.2% decrease since September 2011. Market activity remains subdued but stable.
590 _aKA
651 4 _aUnited Kingdom
_y
690 _aResidential property
_96266
856 4 0 _uhttps://www.lloydsbankinggroup.com/media/pdfs/halifax/2012/0410_HPI.pdf
_zView this item free of charge at www.lloydsbankinggroup.com
942 _n0
999 _c114682
_d114682